| 000 | 01197cam a22003737a 4500 | ||
|---|---|---|---|
| 003 | CHAP | ||
| 005 | 20220817043121.0 | ||
| 008 | 971013s1988 r 00010 d | ||
| 010 | _a66191 | ||
| 011 | _a67163 | ||
| 035 | _a76633 | ||
| 040 | _cCHAP | ||
| 082 |
_a631.3 _bF46 |
||
| 110 | _aFAO | ||
| 245 | 0 |
_aAgricultural engineering in development _b: guidelines for establishment of village workshops |
|
| 260 |
_aRome : _bFAO, _c1988 |
||
| 300 |
_a66 p. _b: ilus. |
||
| 410 | _aFAO | ||
| 490 | 0 |
_aFAO. Servicios agrícolas _v; 71 |
|
| 590 |
_aBATCH-UPD _b10 _c20130110 _lUCH01 _h0525 |
||
| 590 |
_aBATCH-UPD _b10 _c20130410 _lUCH01 _h0205 |
||
| 590 |
_aBATCH-UPD _b10 _c20130410 _lUCH01 _h1620 |
||
| 590 |
_aBATCH-UPD _b10 _c20130914 _lUCH01 _h1343 |
||
| 590 |
_aCONVERSION _b10 _c20130109 _lUCH01 _h1336 |
||
| 650 | 1 | 4 |
_aHerramientas _xMantenimiento y reparación. _954809 |
| 650 | 1 | 4 |
_aMaquinaria agrícola _xMantenimiento y reparación. _971182 |
| 700 | 0 |
_aPothecary, Brian. _991129 |
|
| 700 | 0 |
_aSkarp, S. U. _9106816 |
|
| 810 | 0 | _aFAO | |
| 830 | 0 | 0 |
_aFAO. Servicios agrícolas _v; 71 _939697 |
| 901 | _aBK | ||
| 942 | _cLIBRO | ||
| 949 |
_a631.3 F46 _bBC _cFAO _d-29489 _eFAO1 _h74802 _i76633 _si |
||
| 999 |
_c66191 _d66191 |
||